000 00746nam a2200193 a 4500
008 111007s1969 ||||||||||||||||| || u
020 _a0721629210
050 _aRB 37 Cli
100 _aDavidsohn, Israel
245 1 0 _aClinical diagnosis: by laboratory methods. -- 14th ed.
_cedited by Isreal Davidsohn and John Bernard Henry
250 _a14th ed.
260 _aPhiladelphia, PA
_bW.B. Saunders
_c1969
300 _axxix, 1308p.; ill.
350 _a0.00
650 _aDIAGNOSIS
650 _aDIAGNOSIS, LABORATORY
700 _aHenry, John Bernard
995 _aMEDICAL LIBRARY OPEN ACCESS
_D0.00
_e901190
_FCBU-SCHOOL OF MEDICINE LIBRARY (Ndola)
_H1
_I0.00
_jRB 37 CLI
_M1
_UAVAILABLE
_WOct 11, 2011
_y901190
_ZMedical Library Open Access Collection
999 _c31006
_d31006